wszystkie stacje kolejowe we Wrocławiu - Statystyki

Ogólne statystyki
  • Ten quiz został rozwiązany 802 razy
  • Średni wynik to 15 z 29
Statystyki odpowiedzi
Wrocław Stacja % Poprawnych
Wrocław Główny
96%
Wrocław Mikołajów
83%
Wrocław Nadodrze
77%
Wrocław Psie Pole
74%
Wrocław Brochów
68%
Wrocław Leśnica
68%
Wrocław Grabiszyn
61%
Wrocław Muchobór
58%
Wrocław Nowy Dwór
57%
Wrocław Zachodni
56%
Wrocław Sołtysowice
55%
Wrocław Popowice
51%
Wrocław Osobowice
50%
Wrocław Stadion
50%
Wrocław Różanka
48%
Wrocław Szczepin
48%
Wrocław Żerniki
44%
Wrocław Pracze
43%
Wrocław Kuźniki
40%
Wrocław Wojnów
40%
Wrocław Zakrzów
39%
Wrocław Kowale
38%
Wrocław Świniary
37%
Wrocław Swojczyce
35%
Wrocław Pawłowice
33%
Wrocław Wojszyce
33%
Wrocław Strachocin
26%
Wrocław Wojnów Wschodni
25%
Wrocław Popiele
24%
Nie znaleziono quizów pasujących do podanych kryteriów
Rozkład punktacji
Procent ludzi z każdym wynikiem
Percentyl według liczby udzielonych odpowiedzi
Twoja historia wyników
Nie rozwiązałeś tego quizu